आधुनिक कंप्यूटर विज्ञान (Record no. 1664355)

MARC details
000 -LEADER
fixed length control field 00963nam a2200301 a 4500
001 - CONTROL NUMBER
control field vtls001849836
003 - CONTROL NUMBER IDENTIFIER
control field NLI
005 - DATE AND TIME OF LATEST TRANSACTION
control field 20250403113051.0
008 - FIXED-LENGTH DATA ELEMENTS--GENERAL INFORMATION
fixed length control field 140506 2009 ii 000 0 hin d
020 ## - INTERNATIONAL STANDARD BOOK NUMBER
International Standard Book Number 8181871022
Terms of availability Rs200 .00
040 ## - CATALOGING SOURCE
Original cataloging agency NLI
Transcribing agency Hindi Div
041 ## - LANGUAGE CODE
Language code of text/sound track or separate title hin
044 ## - COUNTRY OF PUBLISHING/PRODUCING ENTITY CODE
MARC country code ii
082 ## - DEWEY DECIMAL CLASSIFICATION NUMBER
Classification number H 004 Mi 2972 ac
Edition number 22
100 1# - MAIN ENTRY--PERSONAL NAME
Linkage 880-01
Personal name मिश्रा,विनोद कुमार
9 (RLIN) 679257
245 1# - TITLE STATEMENT
Linkage 880-02
Title आधुनिक कंप्यूटर विज्ञान
Statement of responsibility, etc. /विनोद कुमार मिश्रा
260 ## - PUBLICATION, DISTRIBUTION, ETC.
Place of publication, distribution, etc. दिल्ली :
Name of publisher, distributor, etc. अलेखा ,
Date of publication, distribution, etc. 2009.
300 ## - PHYSICAL DESCRIPTION
Extent 144 p.
Dimensions 21 cm
650 #0 - SUBJECT ADDED ENTRY--TOPICAL TERM
Topical term or geographic name entry element Computer science.
700 ## - ADDED ENTRY--PERSONAL NAME
Linkage 880-03
700 ## - ADDED ENTRY--PERSONAL NAME
Linkage 880-04
880 1# - ALTERNATE GRAPHIC REPRESENTATION
Linkage 100-01/ (B
a Mishra,Vinoda kumāra
880 10 - ALTERNATE GRAPHIC REPRESENTATION
Linkage 245-02/ (B
a ādhunika computer vigyān
c /Vinoda kumāra Mishra
880 1# - ALTERNATE GRAPHIC REPRESENTATION
Linkage 700-03 / (B
880 ## - ALTERNATE GRAPHIC REPRESENTATION
Linkage 700-04 / (B
887 ## - NON-MARC INFORMATION FIELD
Content of non-MARC field g. shyam
942 ## - ADDED ENTRY ELEMENTS (KOHA)
Source of classification or shelving scheme Dewey Decimal Classification
Koha item type Books
Holdings
Withdrawn status Lost status Source of classification or shelving scheme Damaged status Not for loan Home library Current library Date acquired Total Checkouts Full call number Date last seen Price effective from Koha item type
    Dewey Decimal Classification     National Library of India National Library of India 03/04/2025   H 004 Mi 2972 ac 03/04/2025 03/04/2025 Books
                                                                           
web counter

Copyright ©2020 The National Library of India, Govt. of India ↔ Hosted by NVLI, MOC ↔ Technology and Design by National Library of India, Ministry of Culture, Govt. of India